Quién fue y qué hizo Martín Alonso Pinzón / (Record no. 72888)

MARC details
000 -LEADER
campo de control de longitud fija 00715nam a2200217 i 4500
001 - NÚMERO DE CONTROL
campo de control 72888
003 - IDENTIFICADOR DE NÚMERO DE CONTROL
campo de control ES-MaACL
005 - FECHA Y HORA DE LA ÚLTIMA TRANSACCIÓN
campo de control 20250928133410.0
007 - CAMPO FIJO DE DESCRIPCIÓN FÍSICA--INFORMACIÓN GENERAL
campo de control de longitud fija t|
008 - DATOS DE LONGITUD FIJA--INFORMACIÓN GENERAL
campo de control de longitud fija 040903s1967 sp ||||1| spa d
080 ## - NÚMERO DE LA CLASIFICACIÓN DECIMAL UNIVERSAL
Número de la Clasificación Decimal Universal 929 Pinzón, Martín Alonso
080 ## - NÚMERO DE LA CLASIFICACIÓN DECIMAL UNIVERSAL
Número de la Clasificación Decimal Universal 910.4(7/8)"14"
100 1# - ENTRADA PRINCIPAL--NOMBRE DE PERSONA
Nombre de persona Gómez, Domingo.
9 (RLIN) 57755
245 10 - MENCIÓN DEL TÍTULO
Título Quién fue y qué hizo Martín Alonso Pinzón /
Mención de responsabilidad, etc. Domingo Gómez, "Flery".
260 ## - PUBLICACIÓN, DISTRIBUCIÓN, ETC.
Lugar de publicación, distribución, etc. Huelva :
Nombre del editor, distribuidor, etc. [s.n.,
Fecha de publicación, distribución, etc. 1967] (
Fabricante Tip. Girón)
300 ## - DESCRIPCIÓN FÍSICA
Extensión 170 p., [10] h. de lám. ;
Dimensiones 21 cm.
600 14 - PUNTO DE ACCESO ADICIONAL DE MATERIA--NOMBRE DE PERSONA
Nombre de persona Pinzón, Martín Alonso,
Fechas asociadas al nombre 1440?-1493
9 (RLIN) 174385
651 #4 - PUNTO DE ACCESO ADICIONAL DE MATERIA--NOMBRE GEOGRÁFICO
Nombre geográfico América-
Subdivisión general Descubrimientos y exploraciones-
-- Españoles.
9 (RLIN) 138324
852 4# - LOCALIZACIÓN
Ubicación ES-MaACL
Número de control de estantería C-31877
Holdings
Estatus retirado Estado de pérdida Estado de daño No para préstamo Biblioteca de origen Biblioteca actual Ubicación en estantería Fecha de adquisición Fuente de adquisición Total de préstamos Signatura topográfica completa Código de barras Visto por última vez Precio de reemplazo Tipo de ítem Koha
        Biblioteca del Ateneo de Madrid Biblioteca del Ateneo de Madrid Depósito 2 17/01/2008     C-31877 1076298 23/02/2023 23/02/2023 Libro impreso